000 00930nam a2200289Ia 4500
001 F7416
003 IT-RoPAU
008 130308s9999 xx 000 0 und d
040 _aIT-RoPAU
040 _cIT-RoPAU
041 _aINGLESE
100 _aCresswell Peter
100 _gCodice Aut. SPICS: 52768
245 2 _aA More Convivial Perspective System for Artists
245 _bVirtual Embodied (The). Presence/Practice/Technology
250 _a1a ed.
260 _aLONDON AND NEW YORK
260 _bRoutledge
260 _c1998 [1° Ed.:1998 - Ed.Ling.Originale:1998]
300 _a"13 p. (prefazione: no ; testo: 13 [pagine: 109-121])"
500 _aUn Sistema di Prospettiva Piu' Gioviale per gli Artisti. Prospettiva Radiale: Storia di tentativi e Errori. Arte e Prospettiva.
650 _aSAGGI SULLA MULTIMEDIALITA'
650 _eCodice materia Spics: 4257
942 _cBK
957 _71
999 _c81573
_d81573
999 _g1